Hymnus
Elmentve itt :
| Szerző: | |
|---|---|
| Dokumentumtípus: | Cikk |
| Megjelent: |
1987
|
| Sorozat: | Gondolat-jel
|
| Kulcsszavak: | Irodalomtudomány |
| Online Access: | http://acta.bibl.u-szeged.hu/11381 |
| LEADER | 00551nab a2200181 i 4500 | ||
|---|---|---|---|
| 001 | acta11381 | ||
| 005 | 20210707112807.0 | ||
| 008 | 161015s1987 hu o 0|| hun d | ||
| 022 | |a 1216-8033 | ||
| 040 | |a SZTE Egyetemi Kiadványok Repozitórium |b hun | ||
| 041 | |a hun | ||
| 100 | 1 | |a Szilasi László | |
| 245 | 1 | 0 | |a Hymnus |h [elektronikus dokumentum] / |c Szilasi László |
| 260 | |c 1987 | ||
| 300 | |a 4-5 | ||
| 490 | 0 | |a Gondolat-jel | |
| 695 | |a Irodalomtudomány | ||
| 856 | 4 | 0 | |u http://acta.bibl.u-szeged.hu/11381/1/gondolatjel_1987_3_004-005.pdf |z Dokumentum-elérés |